[Event "45th FIDE Chess Olympiad Open"]
[Site "Budapest, Hungary"]
[Date "2024.09.21"]
[Round "10"]
[White "Mhango, Banele"]
[Black "Agopov, Mikael"]
[Result "0-1"]
[Board "139"]
[WhiteFideId "14327040"]
[BlackFideId "501840"]
[WhiteTitle "FM"]
[BlackTitle "IM"]
[WhiteElo "2261"]
[BlackElo "2451"]
[WhiteTeam "South Africa"]
[BlackTeam "Finland"]
[WhiteClock "0:01:41"]
[BlackClock "0:09:31"]
[Variant "Standard"]

1. d4 {[%clk 1:30:42]}  Nf6 {[%clk 1:30:56]} 2. Nc3 {[%clk 1:30:52]}  d5 {[%clk 1:31:22]} 3. Bf4 {[%clk 1:31:15]}  c5 {[%clk 1:31:48]} 4. e4 {[%clk 1:31:04]}  Nxe4 {[%clk 1:31:44]} 5. Nxe4 {[%clk 1:31:19]}  dxe4 {[%clk 1:32:11]} 6. dxc5 {[%clk 1:31:43]}  Nd7 {[%clk 1:32:31]} 7. Qd4 {[%clk 1:28:28]}  e5 {[%clk 1:26:45]} 8. Qxe4 {[%clk 1:26:56]}  Bxc5 {[%clk 1:26:42]} 9. O-O-O {[%clk 1:15:18]}  Qe7 {[%clk 1:22:55]} 10. Be3 {[%clk 1:13:30]}  O-O {[%clk 1:20:03]} 11. Nf3 {[%clk 1:12:22]}  Bxe3+ {[%clk 1:16:26]} 12. Qxe3 {[%clk 1:12:10]}  f6 {[%clk 1:13:35]} 13. Bc4+ {[%clk 1:04:10]}  Kh8 {[%clk 1:14:01]} 14. h4 {[%clk 1:00:39]}  Qb4 {[%clk 1:00:24]} 15. Bb3 {[%clk 0:45:55]}  Nc5 {[%clk 0:57:52]} 16. h5 {[%clk 0:46:09]}  Nxb3+ {[%clk 0:57:01]} 17. axb3 {[%clk 0:46:13]}  Be6 {[%clk 0:55:51]} 18. h6 {[%clk 0:46:32]}  Rf7 {[%clk 0:49:45]} 19. hxg7+ {[%clk 0:41:58]}  Rxg7 {[%clk 0:50:11]} 20. Rh4 {[%clk 0:38:13]}  Qe7 {[%clk 0:49:59]} 21. Rdh1 {[%clk 0:36:23]}  Rc8 {[%clk 0:49:12]} 22. Rh6 {[%clk 0:28:55]}  Qf7 {[%clk 0:40:38]} 23. Nd2 {[%clk 0:25:36]}  Bf5 {[%clk 0:39:21]} 24. Ne4 {[%clk 0:21:20]}  Rc6 {[%clk 0:37:55]} 25. Nc3 {[%clk 0:15:56]}  Rxg2 {[%clk 0:28:48]} 26. Qf3 {[%clk 0:12:45]}  Rg5 {[%clk 0:29:12]} 27. Ne4 {[%clk 0:12:51]}  Qd7 {[%clk 0:16:15]} 28. Kb1 {[%clk 0:03:14]}  Qg7 {[%clk 0:12:19]} 29. Nxg5 {[%clk 0:00:44]}  Bxc2+ {[%clk 0:12:39]} 30. Kc1 {[%clk 0:01:13]}  Be4+ {[%clk 0:09:13]} 31. Kd2 {[%clk 0:01:41]}  Qd7+ {[%clk 0:09:31]} 0-1

[Event "45th FIDE Chess Olympiad Open"]
[Site "Budapest, Hungary"]
[Date "2024.09.21"]
[Round "10"]
[White "Lahdelma, Henri"]
[Black "Cawdery, Daniel"]
[Result "1/2-1/2"]
[Board "140"]
[WhiteFideId "510394"]
[BlackFideId "14300249"]
[WhiteTitle "FM"]
[BlackTitle "IM"]
[WhiteElo "2331"]
[BlackElo "2356"]
[WhiteTeam "Finland"]
[BlackTeam "South Africa"]
[WhiteClock "0:13:01"]
[BlackClock "0:12:33"]
[Variant "Standard"]

1. b3 {[%clk 1:30:49]}  e5 {[%clk 1:29:01]} 2. Bb2 {[%clk 1:31:13]}  Nc6 {[%clk 1:29:23]} 3. e3 {[%clk 1:31:37]}  Nf6 {[%clk 1:29:35]} 4. Bb5 {[%clk 1:31:55]}  Bd6 {[%clk 1:29:58]} 5. Na3 {[%clk 1:32:17]}  Na5 {[%clk 1:29:44]} 6. Be2 {[%clk 1:31:47]}  a6 {[%clk 1:24:53]} 7. Nf3 {[%clk 1:30:56]}  Qe7 {[%clk 1:24:43]} 8. Nb1 {[%clk 1:27:44]}  O-O {[%clk 1:14:26]} 9. c4 {[%clk 1:23:20]}  Nc6 {[%clk 1:09:35]} 10. Nc3 {[%clk 1:15:16]}  Ba3 {[%clk 0:55:59]} 11. Bxa3 {[%clk 0:57:46]}  Qxa3 {[%clk 0:55:29]} 12. O-O {[%clk 0:57:40]}  Qe7 {[%clk 0:42:43]} 13. Rc1 {[%clk 0:51:40]}  d6 {[%clk 0:38:53]} 14. d3 {[%clk 0:38:33]}  h6 {[%clk 0:36:17]} 15. Re1 {[%clk 0:35:03]}  Bf5 {[%clk 0:29:26]} 16. Bf1 {[%clk 0:31:02]}  Rfe8 {[%clk 0:23:26]} 17. h3 {[%clk 0:30:29]}  Qd7 {[%clk 0:16:46]} 18. Qd2 {[%clk 0:28:03]}  e4 {[%clk 0:16:08]} 19. Nd4 {[%clk 0:23:13]}  Nxd4 {[%clk 0:13:47]} 20. exd4 {[%clk 0:23:34]}  exd3 {[%clk 0:14:09]} 21. Bxd3 {[%clk 0:19:32]}  Bxd3 {[%clk 0:12:41]} 22. Qxd3 {[%clk 0:19:58]}  Rxe1+ {[%clk 0:13:05]} 23. Rxe1 {[%clk 0:20:22]}  Re8 {[%clk 0:13:33]} 24. Rxe8+ {[%clk 0:17:15]}  Qxe8 {[%clk 0:14:01]} 25. Qe3 {[%clk 0:17:27]}  Kf8 {[%clk 0:14:01]} 26. Qxe8+ {[%clk 0:15:32]}  Kxe8 {[%clk 0:14:26]} 27. g4 {[%clk 0:15:28]}  Kd7 {[%clk 0:14:17]} 28. f3 {[%clk 0:13:29]}  c5 {[%clk 0:12:46]} 29. dxc5 {[%clk 0:12:41]}  dxc5 {[%clk 0:13:12]} 30. Kf2 {[%clk 0:13:01]}  Ke6 {[%clk 0:12:33]} 1/2-1/2

[Event "45th FIDE Chess Olympiad Open"]
[Site "Budapest, Hungary"]
[Date "2024.09.21"]
[Round "10"]
[White "Maksimovic, Bojan"]
[Black "Mandizha, Farai"]
[Result "0-1"]
[Board "141"]
[WhiteFideId "14408120"]
[BlackFideId "11000430"]
[WhiteTitle "IM"]
[BlackTitle "IM"]
[WhiteElo "2503"]
[BlackElo "2371"]
[WhiteTeam "Bosnia & Herzegovina"]
[BlackTeam "Zimbabwe"]
[WhiteClock "0:14:50"]
[BlackClock "0:01:27"]
[Variant "Standard"]

1. e4 {[%clk 1:30:56]}  c5 {[%clk 1:28:56]} 2. Nf3 {[%clk 1:31:14]}  d6 {[%clk 1:28:09]} 3. d4 {[%clk 1:31:00]}  cxd4 {[%clk 1:28:34]} 4. Nxd4 {[%clk 1:31:24]}  Nf6 {[%clk 1:29:01]} 5. Nc3 {[%clk 1:31:44]}  a6 {[%clk 1:29:00]} 6. Bg5 {[%clk 1:31:52]}  e6 {[%clk 1:28:46]} 7. f4 {[%clk 1:31:57]}  h6 {[%clk 1:28:35]} 8. Bh4 {[%clk 1:32:20]}  Qb6 {[%clk 1:28:34]} 9. Qd2 {[%clk 1:31:56]}  Qxb2 {[%clk 1:28:39]} 10. Rb1 {[%clk 1:32:19]}  Qa3 {[%clk 1:29:03]} 11. e5 {[%clk 1:32:23]}  dxe5 {[%clk 1:28:53]} 12. fxe5 {[%clk 1:32:45]}  g5 {[%clk 1:28:53]} 13. exf6 {[%clk 1:32:05]}  gxh4 {[%clk 1:29:14]} 14. Be2 {[%clk 1:32:12]}  Qa5 {[%clk 1:26:53]} 15. O-O {[%clk 1:30:49]}  Nd7 {[%clk 1:24:21]} 16. Kh1 {[%clk 1:22:44]}  Qg5 {[%clk 1:09:45]} 17. Qd3 {[%clk 0:57:14]}  Nc5 {[%clk 1:05:58]} 18. Qf3 {[%clk 0:51:49]}  Bd6 {[%clk 0:59:53]} 19. Rbd1 {[%clk 0:46:56]}  Bc7 {[%clk 0:54:39]} 20. Nb3 {[%clk 0:26:38]}  Qe5 {[%clk 0:43:54]} 21. Qh3 {[%clk 0:26:50]}  Bd7 {[%clk 0:43:40]} 22. Rde1 {[%clk 0:21:32]}  Nxb3 {[%clk 0:40:40]} 23. cxb3 {[%clk 0:21:13]}  Ba5 {[%clk 0:27:54]} 24. Bb5 {[%clk 0:20:34]}  Qxc3 {[%clk 0:27:15]} 25. Bxd7+ {[%clk 0:20:54]}  Kxd7 {[%clk 0:27:05]} 26. Qxh4 {[%clk 0:21:20]}  Rac8 {[%clk 0:22:23]} 27. Qh5 {[%clk 0:20:07]}  Rhf8 {[%clk 0:21:55]} 28. Rd1+ {[%clk 0:19:36]}  Ke8 {[%clk 0:21:42]} 29. Qxh6 {[%clk 0:20:03]}  Rd8 {[%clk 0:16:55]} 30. Rc1 {[%clk 0:19:28]}  Qe5 {[%clk 0:16:45]} 31. Qh4 {[%clk 0:19:20]}  Rd4 {[%clk 0:14:35]} 32. Qf2 {[%clk 0:15:40]}  Rh8 {[%clk 0:13:37]} 33. h3 {[%clk 0:16:01]}  Qd5 {[%clk 0:03:30]} 34. Rc8+ {[%clk 0:14:30]}  Bd8 {[%clk 0:03:51]} 35. Rc3 {[%clk 0:14:56]}  Rh5 {[%clk 0:01:34]} 36. Rf3 {[%clk 0:14:46]}  Rd2 {[%clk 0:01:36]} 37. Qe3 {[%clk 0:14:34]}  Rd1 {[%clk 0:01:21]} 38. Qe2 {[%clk 0:14:24]}  Rd2 {[%clk 0:01:38]} 39. Qe3 {[%clk 0:14:50]}  Rg5 {[%clk 0:01:27]} 0-1

[Event "45th FIDE Chess Olympiad Open"]
[Site "Budapest, Hungary"]
[Date "2024.09.21"]
[Round "10"]
[White "Makoto, Rodwell"]
[Black "Stojanovic, Dalibor"]
[Result "1/2-1/2"]
[Board "142"]
[WhiteFideId "11000120"]
[BlackFideId "922692"]
[WhiteTitle "IM"]
[BlackTitle "GM"]
[WhiteElo "2311"]
[BlackElo "2448"]
[WhiteTeam "Zimbabwe"]
[BlackTeam "Bosnia & Herzegovina"]
[WhiteClock "0:08:06"]
[BlackClock "0:01:20"]
[Variant "Standard"]

1. Nf3 {[%clk 1:30:49]}  Nf6 {[%clk 1:30:41]} 2. g3 {[%clk 1:31:15]}  g6 {[%clk 1:30:52]} 3. Bg2 {[%clk 1:31:34]}  Bg7 {[%clk 1:30:39]} 4. c4 {[%clk 1:31:50]}  d6 {[%clk 1:30:14]} 5. d4 {[%clk 1:32:04]}  O-O {[%clk 1:29:27]} 6. Nc3 {[%clk 1:32:15]}  c6 {[%clk 1:27:47]} 7. e4 {[%clk 1:32:13]}  Bg4 {[%clk 1:22:10]} 8. h3 {[%clk 1:30:55]}  Bxf3 {[%clk 1:19:47]} 9. Bxf3 {[%clk 1:31:18]}  Nfd7 {[%clk 1:19:51]} 10. Be3 {[%clk 1:13:02]}  c5 {[%clk 1:15:37]} 11. d5 {[%clk 1:12:25]}  Na6 {[%clk 1:15:51]} 12. O-O {[%clk 1:08:42]}  Nc7 {[%clk 1:14:17]} 13. h4 {[%clk 1:07:38]}  a6 {[%clk 1:08:26]} 14. a4 {[%clk 1:07:03]}  e6 {[%clk 1:00:49]} 15. Be2 {[%clk 0:58:14]}  exd5 {[%clk 0:59:00]} 16. cxd5 {[%clk 0:55:54]}  Re8 {[%clk 0:53:16]} 17. Qc2 {[%clk 0:56:00]}  Rb8 {[%clk 0:53:20]} 18. Bf4 {[%clk 0:51:11]}  Ne5 {[%clk 0:48:34]} 19. Bg5 {[%clk 0:50:10]}  Qc8 {[%clk 0:40:24]} 20. Kg2 {[%clk 0:45:00]}  h6 {[%clk 0:22:56]} 21. Bc1 {[%clk 0:44:57]}  b5 {[%clk 0:21:19]} 22. f4 {[%clk 0:41:08]}  Nd7 {[%clk 0:21:23]} 23. h5 {[%clk 0:38:18]}  b4 {[%clk 0:19:06]} 24. Nd1 {[%clk 0:38:00]}  gxh5 {[%clk 0:12:41]} 25. Bxh5 {[%clk 0:35:37]}  b3 {[%clk 0:13:01]} 26. Qd3 {[%clk 0:34:57]}  Nf6 {[%clk 0:10:06]} 27. Bf3 {[%clk 0:35:19]}  Rb4 {[%clk 0:10:28]} 28. Nf2 {[%clk 0:34:33]}  Qd7 {[%clk 0:08:56]} 29. Rd1 {[%clk 0:23:25]}  c4 {[%clk 0:08:05]} 30. Qf1 {[%clk 0:21:59]}  c3 {[%clk 0:04:44]} 31. e5 {[%clk 0:09:29]}  dxe5 {[%clk 0:04:03]} 32. Nd3 {[%clk 0:09:55]}  c2 {[%clk 0:02:58]} 33. Nxb4 {[%clk 0:06:59]}  cxd1=Q {[%clk 0:02:16]} 34. Qxd1 {[%clk 0:07:21]}  e4 {[%clk 0:01:33]} 35. Be2 {[%clk 0:07:50]}  a5 {[%clk 0:01:52]} 36. d6 {[%clk 0:08:06]}  axb4 {[%clk 0:01:20]} 1/2-1/2

[Event "45th FIDE Chess Olympiad Open"]
[Site "Budapest, Hungary"]
[Date "2024.09.21"]
[Round "10"]
[White "Culum, Sanjin"]
[Black "Mwadzura, Roy"]
[Result "1-0"]
[Board "143"]
[WhiteFideId "14420937"]
[BlackFideId "11004436"]
[WhiteTitle "FM"]
[BlackTitle "FM"]
[WhiteElo "2409"]
[BlackElo "2229"]
[WhiteTeam "Bosnia & Herzegovina"]
[BlackTeam "Zimbabwe"]
[WhiteClock "0:01:16"]
[BlackClock "0:01:41"]
[Variant "Standard"]

1. e4 {[%clk 1:30:56]}  e6 {[%clk 1:30:56]} 2. d4 {[%clk 1:31:13]}  d5 {[%clk 1:31:21]} 3. Nc3 {[%clk 1:31:36]}  Bb4 {[%clk 1:30:20]} 4. e5 {[%clk 1:31:41]}  c5 {[%clk 1:30:38]} 5. a3 {[%clk 1:32:05]}  Bxc3+ {[%clk 1:31:04]} 6. bxc3 {[%clk 1:32:30]}  Ne7 {[%clk 1:31:24]} 7. h4 {[%clk 1:32:48]}  Qc7 {[%clk 1:30:36]} 8. h5 {[%clk 1:33:06]}  h6 {[%clk 1:30:41]} 9. Rb1 {[%clk 1:33:21]}  Nbc6 {[%clk 1:28:26]} 10. f4 {[%clk 1:33:13]}  Qa5 {[%clk 1:25:27]} 11. Bd2 {[%clk 1:33:24]}  c4 {[%clk 1:25:51]} 12. Nf3 {[%clk 1:25:05]}  Qa4 {[%clk 1:22:28]} 13. Nh4 {[%clk 1:16:38]}  b6 {[%clk 1:19:49]} 14. g3 {[%clk 1:06:57]}  Bd7 {[%clk 1:20:00]} 15. Bh3 {[%clk 1:06:30]}  O-O-O {[%clk 1:20:11]} 16. Ra1 {[%clk 0:53:46]}  Rdg8 {[%clk 1:16:43]} 17. O-O {[%clk 0:51:12]}  g6 {[%clk 1:16:05]} 18. Kh2 {[%clk 0:48:54]}  Rh7 {[%clk 1:12:09]} 19. g4 {[%clk 0:37:14]}  gxh5 {[%clk 1:06:53]} 20. gxh5 {[%clk 0:37:32]}  Rhg7 {[%clk 1:00:58]} 21. Be3 {[%clk 0:35:42]}  Nf5 {[%clk 0:57:00]} 22. Nxf5 {[%clk 0:34:05]}  exf5 {[%clk 0:57:28]} 23. Rg1 {[%clk 0:32:22]}  Rxg1 {[%clk 0:50:45]} 24. Bxg1 {[%clk 0:32:29]}  Be6 {[%clk 0:49:54]} 25. Qc1 {[%clk 0:29:06]}  Kc7 {[%clk 0:38:46]} 26. Bf2 {[%clk 0:26:53]}  a6 {[%clk 0:37:56]} 27. Rb1 {[%clk 0:14:03]}  Na7 {[%clk 0:36:20]} 28. Rb4 {[%clk 0:13:30]}  Qe8 {[%clk 0:31:05]} 29. Qd2 {[%clk 0:11:31]}  a5 {[%clk 0:27:34]} 30. Rb1 {[%clk 0:11:46]}  Qa4 {[%clk 0:28:02]} 31. Qc1 {[%clk 0:11:21]}  Nb5 {[%clk 0:26:44]} 32. Qb2 {[%clk 0:11:40]}  Kc6 {[%clk 0:27:14]} 33. Bh4 {[%clk 0:11:14]}  Rb8 {[%clk 0:25:41]} 34. Ra1 {[%clk 0:09:20]}  Rg8 {[%clk 0:22:14]} 35. Rb1 {[%clk 0:09:20]}  Rb8 {[%clk 0:22:30]} 36. Ra1 {[%clk 0:09:46]}  Rg8 {[%clk 0:22:50]} 37. Bf6 {[%clk 0:09:12]}  Rb8 {[%clk 0:22:17]} 38. Bg2 {[%clk 0:09:02]}  Nc7 {[%clk 0:18:37]} 39. Bf3 {[%clk 0:08:21]}  Rg8 {[%clk 0:16:52]} 40. Rg1 {[%clk 0:04:25]}  Rg4 {[%clk 0:06:58]} 41. Bxg4 {[%clk 0:24:44]}  fxg4 {[%clk 0:37:27]} 42. Bg7 {[%clk 0:24:50]}  Kb7 {[%clk 0:35:43]} 43. Rb1 {[%clk 0:21:20]}  Na8 {[%clk 0:35:26]} 44. Kg3 {[%clk 0:18:55]}  Qe8 {[%clk 0:35:46]} 45. f5 {[%clk 0:14:24]}  Bxf5 {[%clk 0:36:00]} 46. Rf1 {[%clk 0:14:36]}  Be6 {[%clk 0:35:59]} 47. Qc1 {[%clk 0:14:27]}  Nc7 {[%clk 0:34:23]} 48. Qxh6 {[%clk 0:13:52]}  Qa4 {[%clk 0:32:57]} 49. Qd2 {[%clk 0:13:58]}  Qd7 {[%clk 0:32:13]} 50. h6 {[%clk 0:08:55]}  Bf5 {[%clk 0:32:03]} 51. Qf4 {[%clk 0:09:20]}  Bg6 {[%clk 0:31:40]} 52. Qxg4 {[%clk 0:07:48]}  Qa4 {[%clk 0:29:10]} 53. Qe2 {[%clk 0:07:14]}  Qxa3 {[%clk 0:27:32]} 54. Qe3 {[%clk 0:07:22]}  Qb2 {[%clk 0:27:15]} 55. Rxf7 {[%clk 0:05:14]}  Qxc2 {[%clk 0:26:16]} 56. Rf2 {[%clk 0:04:44]}  Qb1 {[%clk 0:25:33]} 57. Kh2 {[%clk 0:04:51]}  Be4 {[%clk 0:25:45]} 58. Kh3 {[%clk 0:03:13]}  a4 {[%clk 0:17:32]} 59. Rh2 {[%clk 0:01:00]}  a3 {[%clk 0:15:18]} 60. Qf2 {[%clk 0:00:51]}  Qd3+ {[%clk 0:15:03]} 61. Qg3 {[%clk 0:01:02]}  Bf5+ {[%clk 0:12:55]} 62. Kh4 {[%clk 0:01:28]}  Qe4+ {[%clk 0:13:17]} 63. Kg5 {[%clk 0:00:42]}  Bh7 {[%clk 0:11:44]} 64. Qg4 {[%clk 0:01:11]}  Qb1 {[%clk 0:08:54]} 65. e6 {[%clk 0:00:46]}  a2 {[%clk 0:08:35]} 66. Rxa2 {[%clk 0:01:09]}  Qxa2 {[%clk 0:09:03]} 67. Be5 {[%clk 0:00:57]}  Qc2 {[%clk 0:08:43]} 68. Kf6 {[%clk 0:01:08]}  Nxe6 {[%clk 0:00:54]} 69. Kxe6 {[%clk 0:01:30]}  Ka6 {[%clk 0:01:06]} 70. Kxd5 {[%clk 0:00:53]}  Qxc3 {[%clk 0:01:23]} 71. Qc8+ {[%clk 0:01:15]}  Kb5 {[%clk 0:01:22]} 72. Qd7+ {[%clk 0:01:35]}  Kb4 {[%clk 0:01:51]} 73. Qxh7 {[%clk 0:01:20]}  Qf3+ {[%clk 0:02:10]} 74. Kd6 {[%clk 0:01:21]}  c3 {[%clk 0:02:39]} 75. d5 {[%clk 0:00:41]}  Qf8+ {[%clk 0:00:38]} 76. Kd7 {[%clk 0:01:04]}  Kb3 {[%clk 0:01:01]} 77. d6 {[%clk 0:00:49]}  b5 {[%clk 0:01:02]} 78. Qb1+ {[%clk 0:01:00]}  Kc4 {[%clk 0:01:31]} 79. Qe4+ {[%clk 0:01:12]}  Kb3 {[%clk 0:01:57]} 80. Qd5+ {[%clk 0:01:30]}  Kc2 {[%clk 0:01:20]} 81. Qxb5 {[%clk 0:01:24]}  Qxh6 {[%clk 0:01:23]} 82. Qa4+ {[%clk 0:01:32]}  Kd3 {[%clk 0:01:30]} 83. Qd4+ {[%clk 0:01:50]}  Ke2 {[%clk 0:01:34]} 84. Qe4+ {[%clk 0:02:14]}  Kd1 {[%clk 0:01:31]} 85. Qd3+ {[%clk 0:02:35]}  Kc1 {[%clk 0:01:58]} 86. Qxc3+ {[%clk 0:02:56]}  Kd1 {[%clk 0:02:24]} 87. Kc7 {[%clk 0:01:18]}  Qe6 {[%clk 0:00:46]} 88. d7 {[%clk 0:00:54]}  Qf7 {[%clk 0:00:35]} 89. Qd4+ {[%clk 0:01:15]}  Kc2 {[%clk 0:00:59]} 90. Kc8 {[%clk 0:00:56]}  Qe6 {[%clk 0:01:17]} 91. Qd6 {[%clk 0:01:08]}  Qf5 {[%clk 0:01:41]} 92. Kb8 {[%clk 0:01:16]} 1-0

[Event "45th FIDE Chess Olympiad Open"]
[Site "Budapest, Hungary"]
[Date "2024.09.21"]
[Round "10"]
[White "Mushore, Emarald Takudzwa"]
[Black "Marjanovic, Dejan"]
[Result "1/2-1/2"]
[Board "144"]
[WhiteFideId "11309504"]
[BlackFideId "14402661"]
[BlackTitle "IM"]
[WhiteElo "2150"]
[BlackElo "2365"]
[WhiteTeam "Zimbabwe"]
[BlackTeam "Bosnia & Herzegovina"]
[WhiteClock "0:03:54"]
[BlackClock "0:03:04"]
[Variant "Standard"]

1. e4 {[%clk 1:30:56]}  c5 {[%clk 1:30:53]} 2. Nf3 {[%clk 1:31:21]}  Nc6 {[%clk 1:31:19]} 3. d4 {[%clk 1:31:37]}  cxd4 {[%clk 1:31:42]} 4. Nxd4 {[%clk 1:32:03]}  e5 {[%clk 1:32:07]} 5. Nb5 {[%clk 1:32:26]}  d6 {[%clk 1:32:33]} 6. N1c3 {[%clk 1:32:38]}  a6 {[%clk 1:32:38]} 7. Na3 {[%clk 1:33:05]}  Rb8 {[%clk 1:32:48]} 8. Nc4 {[%clk 1:32:49]}  Be6 {[%clk 1:33:11]} 9. Nd5 {[%clk 1:32:13]}  Bxd5 {[%clk 1:09:26]} 10. exd5 {[%clk 1:32:11]}  Nce7 {[%clk 1:09:38]} 11. Ne3 {[%clk 1:23:16]}  g6 {[%clk 1:07:01]} 12. c4 {[%clk 1:22:36]}  f5 {[%clk 1:06:28]} 13. Qa4+ {[%clk 1:19:22]}  Kf7 {[%clk 1:06:08]} 14. Bd2 {[%clk 1:19:00]}  Nf6 {[%clk 1:06:05]} 15. Be2 {[%clk 1:18:36]}  h5 {[%clk 0:53:00]} 16. Rd1 {[%clk 1:14:08]}  f4 {[%clk 0:48:38]} 17. Nc2 {[%clk 1:13:26]}  Nf5 {[%clk 0:48:21]} 18. f3 {[%clk 1:10:29]}  Bh6 {[%clk 0:48:06]} 19. Bd3 {[%clk 1:07:57]}  Bg5 {[%clk 0:42:08]} 20. Ba5 {[%clk 0:56:24]}  Qc8 {[%clk 0:40:25]} 21. Bb6 {[%clk 0:54:57]}  Bh4+ {[%clk 0:40:09]} 22. Kd2 {[%clk 0:54:51]}  Nd7 {[%clk 0:38:31]} 23. Qb4 {[%clk 0:50:18]}  Nxb6 {[%clk 0:32:57]} 24. Qxb6 {[%clk 0:49:32]}  Qd8 {[%clk 0:33:07]} 25. Qxd8 {[%clk 0:48:31]}  Bxd8 {[%clk 0:32:45]} 26. Rb1 {[%clk 0:45:56]}  Bb6 {[%clk 0:27:51]} 27. Rhe1 {[%clk 0:42:08]}  Kf6 {[%clk 0:26:33]} 28. b4 {[%clk 0:41:03]}  g5 {[%clk 0:25:43]} 29. a4 {[%clk 0:41:13]}  a5 {[%clk 0:23:15]} 30. Bxf5 {[%clk 0:37:55]}  Kxf5 {[%clk 0:21:47]} 31. Kd3 {[%clk 0:37:48]}  axb4 {[%clk 0:14:11]} 32. Nxb4 {[%clk 0:37:04]}  Ra8 {[%clk 0:13:55]} 33. Nc2 {[%clk 0:37:10]}  Ra6 {[%clk 0:11:29]} 34. Rb5 {[%clk 0:36:49]}  Bf2 {[%clk 0:08:37]} 35. Rf1 {[%clk 0:35:44]}  Bc5 {[%clk 0:07:06]} 36. Rxb7 {[%clk 0:35:12]}  Rxa4 {[%clk 0:07:16]} 37. Rfb1 {[%clk 0:35:24]}  Ra7 {[%clk 0:07:07]} 38. Rb8 {[%clk 0:27:46]}  Ra8 {[%clk 0:05:12]} 39. R8b7 {[%clk 0:27:41]}  Ra7 {[%clk 0:04:09]} 40. Rb8 {[%clk 0:27:09]}  Ra8 {[%clk 0:02:49]} 41. R8b7 {[%clk 0:27:00]}  Kg6 {[%clk 0:02:19]} 42. R1b3 {[%clk 0:21:37]}  Rh7 {[%clk 0:27:02]} 43. Rb8 {[%clk 0:49:20]}  Rha7 {[%clk 0:26:51]} 44. Ke4 {[%clk 0:46:10]}  g4 {[%clk 0:22:44]} 45. Rxa8 {[%clk 0:37:02]}  Rxa8 {[%clk 0:22:39]} 46. Rb7 {[%clk 0:30:39]}  Ra2 {[%clk 0:16:41]} 47. Kd3 {[%clk 0:30:02]}  h4 {[%clk 0:13:08]} 48. h3 {[%clk 0:20:14]}  e4+ {[%clk 0:11:30]} 49. fxe4 {[%clk 0:16:58]}  f3 {[%clk 0:05:43]} 50. gxf3 {[%clk 0:15:45]}  g3 {[%clk 0:06:12]} 51. Rb8 {[%clk 0:15:40]}  Kf7 {[%clk 0:06:12]} 52. Ne1 {[%clk 0:11:21]}  Ra3+ {[%clk 0:06:24]} 53. Kd2 {[%clk 0:10:45]}  Ra2+ {[%clk 0:01:40]} 54. Kd3 {[%clk 0:11:00]}  g2 {[%clk 0:01:58]} 55. Nxg2 {[%clk 0:11:16]}  Rxg2 {[%clk 0:02:20]} 56. e5 {[%clk 0:06:17]}  dxe5 {[%clk 0:02:50]} 57. Rc8 {[%clk 0:06:32]}  Bb4 {[%clk 0:02:17]} 58. c5 {[%clk 0:05:49]}  Rg3 {[%clk 0:01:56]} 59. Ke4 {[%clk 0:05:14]}  Rxh3 {[%clk 0:02:25]} 60. d6 {[%clk 0:04:45]}  Ke6 {[%clk 0:01:23]} 61. Re8+ {[%clk 0:04:37]}  Kd7 {[%clk 0:01:39]} 62. Re7+ {[%clk 0:04:08]}  Kd8 {[%clk 0:02:08]} 63. c6 {[%clk 0:03:19]}  Bxd6 {[%clk 0:02:09]} 64. Rd7+ {[%clk 0:03:47]}  Kc8 {[%clk 0:02:35]} 65. Rxd6 {[%clk 0:03:54]}  Kc7 {[%clk 0:03:04]} 1/2-1/2

[Event "45th FIDE Chess Olympiad Open"]
[Site "Budapest, Hungary"]
[Date "2024.09.21"]
[Round "10"]
[White "Miguel, Sergio"]
[Black "Bachmann, Axel"]
[Result "0-1"]
[Board "145"]
[WhiteFideId "10100792"]
[BlackFideId "3700488"]
[WhiteTitle "FM"]
[BlackTitle "GM"]
[WhiteElo "2241"]
[BlackElo "2560"]
[WhiteTeam "Angola"]
[BlackTeam "Paraguay"]
[WhiteClock "0:00:38"]
[BlackClock "0:08:19"]
[Variant "Standard"]

1. e4 {[%clk 1:30:53]}  c5 {[%clk 1:30:52]} 2. Nf3 {[%clk 1:31:15]}  e6 {[%clk 1:31:16]} 3. d4 {[%clk 1:31:14]}  cxd4 {[%clk 1:31:39]} 4. Nxd4 {[%clk 1:30:42]}  Nc6 {[%clk 1:32:03]} 5. Nb5 {[%clk 1:30:38]}  d6 {[%clk 1:32:12]} 6. c4 {[%clk 1:30:56]}  Nf6 {[%clk 1:29:33]} 7. N5c3 {[%clk 1:30:34]}  Be7 {[%clk 1:29:19]} 8. Be2 {[%clk 1:30:07]}  b6 {[%clk 1:25:39]} 9. O-O {[%clk 1:28:58]}  Bb7 {[%clk 1:26:04]} 10. Bf4 {[%clk 1:28:14]}  O-O {[%clk 1:25:47]} 11. Re1 {[%clk 1:28:04]}  Rc8 {[%clk 1:25:15]} 12. Bf1 {[%clk 1:27:14]}  Ne5 {[%clk 1:25:20]} 13. Nd2 {[%clk 1:27:09]}  Qc7 {[%clk 1:19:33]} 14. Rc1 {[%clk 1:24:35]}  Qb8 {[%clk 1:19:20]} 15. Nb5 {[%clk 1:21:44]}  Rfe8 {[%clk 1:10:10]} 16. a3 {[%clk 1:17:09]}  a6 {[%clk 1:04:39]} 17. Nd4 {[%clk 1:13:13]}  Qa8 {[%clk 0:48:57]} 18. Qe2 {[%clk 1:01:39]}  Ng6 {[%clk 0:45:17]} 19. Bg3 {[%clk 1:01:05]}  h5 {[%clk 0:42:08]} 20. h3 {[%clk 0:53:46]}  h4 {[%clk 0:41:49]} 21. Bh2 {[%clk 0:54:11]}  Nd7 {[%clk 0:36:57]} 22. f4 {[%clk 0:45:09]}  e5 {[%clk 0:18:55]} 23. fxe5 {[%clk 0:45:12]}  dxe5 {[%clk 0:19:19]} 24. Nf5 {[%clk 0:45:28]}  Bf8 {[%clk 0:19:41]} 25. Nb1 {[%clk 0:42:06]}  b5 {[%clk 0:17:52]} 26. b4 {[%clk 0:36:27]}  bxc4 {[%clk 0:17:10]} 27. Rxc4 {[%clk 0:36:37]}  Rxc4 {[%clk 0:16:47]} 28. Qxc4 {[%clk 0:37:05]}  Nf6 {[%clk 0:16:50]} 29. Nc3 {[%clk 0:33:39]}  Qa7+ {[%clk 0:16:14]} 30. Kh1 {[%clk 0:33:13]}  Rc8 {[%clk 0:16:38]} 31. Qd3 {[%clk 0:29:12]}  Qf2 {[%clk 0:16:59]} 32. Qe3 {[%clk 0:27:35]}  Qc2 {[%clk 0:14:03]} 33. Rc1 {[%clk 0:20:33]}  Qb2 {[%clk 0:14:28]} 34. Ne2 {[%clk 0:20:44]}  Rc2 {[%clk 0:13:33]} 35. Rxc2 {[%clk 0:13:55]}  Qxc2 {[%clk 0:13:54]} 36. Qc1 {[%clk 0:14:02]}  Qxe4 {[%clk 0:13:12]} 37. Ne3 {[%clk 0:14:24]}  Nf4 {[%clk 0:04:24]} 38. Nc3 {[%clk 0:13:39]}  Qd4 {[%clk 0:04:45]} 39. Ncd1 {[%clk 0:02:06]}  Ne4 {[%clk 0:03:27]} 40. Qb2 {[%clk 0:00:51]}  Qd6 {[%clk 0:01:19]} 41. Nf2 {[%clk 0:21:54]}  Ng3+ {[%clk 0:27:04]} 42. Bxg3 {[%clk 0:21:39]}  hxg3 {[%clk 0:27:31]} 43. Nfg4 {[%clk 0:21:59]}  Qd4 {[%clk 0:20:23]} 44. Qxd4 {[%clk 0:19:59]}  exd4 {[%clk 0:20:35]} 45. Nf5 {[%clk 0:19:13]}  d3 {[%clk 0:20:51]} 46. Nxg3 {[%clk 0:17:07]}  d2 {[%clk 0:21:13]} 47. Ne3 {[%clk 0:17:17]}  Nxh3 {[%clk 0:21:33]} 48. Be2 {[%clk 0:10:58]}  Bd6 {[%clk 0:16:56]} 49. Ngf5 {[%clk 0:09:19]}  Be5 {[%clk 0:15:53]} 50. Nd1 {[%clk 0:07:49]}  Ng5 {[%clk 0:15:42]} 51. Nfe3 {[%clk 0:07:17]}  Ne4 {[%clk 0:13:01]} 52. Bf3 {[%clk 0:06:34]}  Bf4 {[%clk 0:09:54]} 53. Kg1 {[%clk 0:05:50]}  Bc6 {[%clk 0:08:42]} 54. g3 {[%clk 0:05:01]}  Bg5 {[%clk 0:06:11]} 55. a4 {[%clk 0:04:12]}  f5 {[%clk 0:06:04]} 56. b5 {[%clk 0:01:39]}  axb5 {[%clk 0:06:30]} 57. axb5 {[%clk 0:02:04]}  Bxb5 {[%clk 0:06:56]} 58. Nxf5 {[%clk 0:02:20]}  Ba4 {[%clk 0:06:53]} 59. Nb2 {[%clk 0:01:58]}  Bc2 {[%clk 0:07:18]} 60. Bd1 {[%clk 0:01:34]}  Bb1 {[%clk 0:07:42]} 61. Bb3+ {[%clk 0:01:12]}  Kh7 {[%clk 0:07:50]} 62. Kg2 {[%clk 0:01:02]}  Nc5 {[%clk 0:08:05]} 63. Nd4 {[%clk 0:00:38]}  Bf6 {[%clk 0:08:19]} 0-1